00333nam a2200121Ia 4500008004100000100004000041245004800081260004200129300000700171650001100178942000700189999001500196190216s9999||||xx |||||||||||||| ||und|| aHarbhajan Singh & Vishnu Swarub 0aExploitation Of Hybrid Vigour In Vegetables bIndian Council Og Agri Researchc1971 a47 aBotany cBK c1234d1234